00685nam a2200205Ia 4500008004100000020001500041050001000056050001400066100002600080245005900106245004400165260001800209260002400227260000900251300001700260650002800277650004200305999001900347952011300366160319s9999 xx 000 0 und d a9710863444 a959.9 bZ93p 2003 aZulueta, Francisco M. aPhilippine history and government through the years /  cFrancisco M. Zulueta, Abriel M. Nebres. aMandaluyong : bNational Bookstore. c2003 a 347 pages : aHistory -- Philippines. aPhilippine -- History and government. c292268d292268 001040aSSISBbSSISBcFILd2016-03-19l0oFil 959.9 Z93p 2003pUS 4337r2016-03-19 00:00:00w2016-03-19yBK